=LDR 00000nam 2200000 4500 =001 INLIS000000000050941 =005 20170807102201 =035 ##$$a 0010-0817000124 =007 ta =008 170807###########################0###### =020 ##$$a 978-174270-358-9 =082 ##$$a 004 =084 ##$$a 004 Ist =245 ##$$a I,Steve : $b Steve Jobs in his own Wonds =250 ##$$a cet.1 =260 ##$$a Australia :$b Griffin Press,$c 2011 =300 ##$$a 168 hlm ; $c 20 cm =650 ##$$a Komputer =700 #$$a George Beahm =990 ##$$a 90289028 =990 ##$$a 31701715